000 01124cam a2200193 a 4500
020 _a0872625788 (pbk.)
082 0 0 _a625.8
_bSOL
_cL-39 P-186
245 0 0 _aSolutions for pavement rehabilitation problems :
_bproceedings of a conference /
_csponsored by the Committee on Pavement Design, Recycling, and Rehabilitation, and the Committee on Construction, Maintenance, and Operations of the Highway Division of the American Society of Civil Engineers in cooperation with the American Road and Transportation Builders Association ... [et al.], Lanier Plaza Hotel, Atlanta, Georgia, May 19-21, 1986 ; edited by Sanford P. LaHue, Sr.
260 _aNew York, N.Y. :
_bAmerican Society of Civil Engineers,
_cc1986.
300 _a297 p. :
_bill. ;
_c22 cm.
526 _a0
_b0
_c0
_d625_800000000000000_SOL
650 0 _aMCE
_9379
650 0 _aPavements
_xDesign and construction
_xCongresses.
_938326
650 0 _aPavements
_xMaintenance and repair
_xCongresses.
700 1 _aLaHue, Sanford P.
_943807
710 2 _aAmerican Society of Civil Engineers.
_9702
710 2 _aAmerican Society of Civil Engineers.
_9702
942 _2ddc
_cBK
999 _c547661
_d547661